| 000 | 01332nam2a2200289 4500 | ||
|---|---|---|---|
| 001 | RU\NLR\BIBL_A\022813964 | ||
| 005 | 20260524045130.0 | ||
| 035 | _a(NLR Aleph) 022813964 | ||
| 090 |
_a13712625 _c13712625 |
||
| 100 | _a20260524 rusy50 | ||
| 101 | 0 | _arus | |
| 102 | _aRU | ||
| 135 | _acrcn 024anaba | ||
| 200 | 0 | _a1907, к № 481 (29 апр.) | |
| 210 | _d1907 | ||
| 325 | 1 | _aКопия доступна в электронной библиотеке РНБ | |
| 461 | 0 |
_1001RU\NLR\BIBL_A\022271227 _12001#$aГолос правды$eБеспл. ил. прил. к №…$fРед.-изд. В. Н. Зайцов$v1907, к № 481 (29 апр.) _912354679 _cСПб _d1906 - 1910 _fРед.-изд. В. Н. Зайцов _oБеспл. ил. прил. к №… _tГолос правды _v1907, к № 481 (29 апр.) |
|
| 852 |
_aNLR _j1-П/1-99 |
||
| 856 | 0 | _uhttps://vivaldi.nlr.ru/pn000402761/view | |
| 856 | 1 | _uhttps://vivaldi.nlr.ru/pn000402761/cover | |
| 856 | 2 | _uhttps://vivaldi.nlr.ru/pn000402761/text | |
| 901 | _eГазеты | ||
| 942 | _cISSNP | ||
| 980 | _aNB | ||
| 981 | 2 | 7 |
_a(27) Периодические издания _b(27) Газеты |